000 00524nam a2200157 4500
999 _c17042
_d17042
008 220601b ||||| |||| 00| 0 eng d
022 _a0091-4169
082 _aDPer 364.05 J82 2011 Vol. 101, No. 1
100 _aHashimoto, Erica J.
_945317
245 _aClass matters/
_cErica J. Hashimoto.
260 _aEvanston:
_bNorthwestern University Press,
_c©2011.
300 _av101 n1, pages 31-76;
_b25 cm.
500 _aThe Journal of Criminal Law and Criminology.
650 _aCriminal procedure.
_945318
942 _2ddc
_cPER